LIBRARY & INFORMATION CENTRE, KCAET, TAVANUR

ONLINE PUBLIC ACCESS CATALOGUE (OPAC)

Computer aided design: software and analytical tools / (Record no. 9525)

MARC details
000 -LEADER
fixed length control field 00509cam a2200181ua 4500
020 ## - INTERNATIONAL STANDARD BOOK NUMBER
ISBN 81 85198 39 x
041 ## - LANGUAGE CODE
Language code of text/sound track or separate title eng
082 ## - DEWEY DECIMAL CLASSIFICATION NUMBER
Classification number 005.369
Item number KRI/CO
100 ## - MAIN ENTRY--AUTHOR NAME
Personal name Krishnamoorthy, CS .
245 ## - TITLE STATEMENT
Title Computer aided design: software and analytical tools /
260 ## - PUBLICATION, DISTRIBUTION, ETC. (IMPRINT)
Place of publication Chennai :
Name of publisher Narosa Publishing House ,
Year of publication 1997.
300 ## - PHYSICAL DESCRIPTION
Number of Pages 437 ; .
700 1# - ADDED ENTRY--PERSONAL NAME
Personal name Rajeev, S .
942 ## - ADDED ENTRY ELEMENTS (KOHA)
Koha item type Books
Holdings
Withdrawn status Lost status Damaged status Home library Current library Date acquired Full call number Accession Number Koha item type
      KAUAET KAUAET 07/04/2012 005.369 20175 Books
free website counter